In the city, out of place : (Record no. 1430240)

MARC details
000 -LEADER
fixed length control field 00532nam a2200181Ia 4500
005 - DATE AND TIME OF LATEST TRANSACTION
control field 20250609114048.0
008 - FIXED-LENGTH DATA ELEMENTS--GENERAL INFORMATION
fixed length control field 008 250516s9999 xx 000 0 eng d
020 ## - INTERNATIONAL STANDARD BOOK NUMBER
International Standard Book Number 9780198097297
040 ## - CATALOGING SOURCE
Language of cataloging eng
Transcribing agency SDCL
041 ## - LANGUAGE CODE
Language code of text/sound track or separate title eng
Source of code eng
084 ## - COLON CLASSIFICATION NUMBER
Classification number V:(G:55) Q4
100 ## - MAIN ENTRY--PERSONAL NAME
Personal name Sharan, Awadhendra
245 #0 - TITLE STATEMENT
Title In the city, out of place :
Remainder of title Nuisance, pollution, and dwelling in Delhi, c. 1850-2000
260 ## - PUBLICATION, DISTRIBUTION, ETC.
Place of publication, distribution, etc. New Delhi :
Name of publisher, distributor, etc. Oxford University Press,
Date of publication, distribution, etc. 2014.
300 ## - PHYSICAL DESCRIPTION
Extent xvii, 269p.
650 ## - SUBJECT ADDED ENTRY--TOPICAL TERM
Topical term or geographic name entry element Reference
942 ## - ADDED ENTRY ELEMENTS (KOHA)
Koha item type Textual
Source of classification or shelving scheme Colon Classification (CC)
999 ## -
-- 1430240
-- 1430240
Holdings
Withdrawn status Lost status Source of classification or shelving scheme Damaged status Not for loan Home library Current library Date acquired Source of acquisition Inventory number Total checkouts Full call number Barcode Date last seen Price effective from Koha item type
    Colon Classification (CC)     South Campus Library South Campus Library 2025-05-22 Classic Book Service 197, 02/02/2025   V:(G:55) Q4 SC1691086 2025-05-22 2025-05-22 Textual
Copyright @ Delhi University Library System